| 000 | 00000nam##2200000za#4500 |
| 001 | 9.519786 |
| 003 | CaOODSP |
| 005 | 20220405153323 |
| 007 | ta |
| 008 | 150406|1991||||xxc||||| f|0| 0 eng|d |
| 022 | |a0226-4587 |
| 040 | |aCaOODSP|beng |
| 041 | |aeng |
| 041 | |afre |
| 043 | |an-cn--- |
| 086 | 1 |aP29-157-001-1-1991 |
| 110 | 2 |aCanadian General Standards Board. |
| 245 | 10|aLiquid flow measurement in open channels: vocabulary and symbols |
| 260 | |aOttawa - Ontario : |bCanadian General Standards Board |cDecember, 1991. |
| 300 | |aEnglish text, 25, 9p. : |bfigs. ; |c28 cm. |
| 490 | 1 |aNational standard of Canada |x0226-4587 |vCAN/CGSB-157.1-M91 |
| 546 | |aBilingual |
| 563 | |aSoftcover |
| 590 | |a92-09|b1992-02-28 |
| 792 | |tMesure de débit des liquides dans les canaux découverts: vocabulaire et symboles |efre|w(CaOODSP)9.519787 |
| 830 | #0|aNational standard of Canada,|x0226-4587 |vCAN/CGSB-157.1-M91|w(CaOODSP)9.509558 |
| 986 | |aNational Standard of Canada. |